[Event "Berlin Lichtenberger op 6th"]
[Site "Berlin"]
[Date "2007.??.??"]
[Round "?"]
[White "Walter, Benjamin"]
[Black "Welz, Peter"]
[Result "0-1"]
[WhiteElo "1869"]
[BlackElo "2174"]
[PlyCount "58"]
[EventDate "2007.08.18"]
[EventType "swiss"]
[EventRounds "9"]
[EventCountry "GER"]
[SourceTitle "CBM 120 Extra"]
[Source "ChessBase"]
[SourceDate "2007.11.01"]
[SourceVersion "1"]
[SourceVersionDate "2007.11.01"]
[SourceQuality "1"]

1. e4 e6 2. d4 d5 3. Nc3 dxe4 4. Nxe4 Qd5 5. Nc3 Bb4 6. Qd2 Qa5 7. Bd3 Nf6 8. Nge2 h6 9. a3 Bd7 10. Rb1 Bd6 11. Nb5 Qxd2+ 12. Bxd2 Bxb5 13. Bxb5+ c6 14. Bd3 g5 15. h4 Rg8 16. hxg5 hxg5 17. b4 Nbd7 18. c4 0-0-0 19. Rb3 Bc7 20. f3 e5 21. dxe5 Nxe5 22. Bf5+ Kb8 23. Rh6 Nxc4 24. Rxf6 Nxd2 25. Rd3 Nc4 26. Rxd8+ Bxd8 27. Rxf7 Nxa3 28. Nd4 Nc4 29. Bh3 Ne5 0-1

[Event "FRA-chT 0102 U18"]
[Site "France"]
[Date "2002.??.??"]
[Round "7.8"]
[White "Moussard, Jules"]
[Black "Walter, Benjamin"]
[Result "1-0"]
[WhiteElo "1440"]
[BlackElo "1200"]
[PlyCount "66"]
[EventDate "2001.10.??"]
[EventType "team-tourn"]
[EventRounds "11"]
[EventCountry "FRA"]
[SourceTitle "EXT 2003"]
[Source "ChessBase"]
[SourceDate "2002.11.25"]
[SourceVersion "1"]
[SourceVersionDate "2002.11.25"]
[SourceQuality "1"]
[WhiteTeam "Clichy"]
[BlackTeam "Mulhouse"]
[WhiteTeamCountry "FRA"]
[BlackTeamCountry "FRA"]

1. d4 d5 2. c4 e6 3. Nc3 Nf6 4. e3 Be7 5. Nf3 Nbd7 6. Bd2 0-0 7. Bd3 Re8 8. 0-0 Bd6 9. c5 Bf8 10. b4 e5 11. dxe5 Nxe5 12. Nxe5 Rxe5 13. Ne2 Be6 14. Bc3 Rg5 15. Nf4 Qe7 16. Nxe6 Qxe6 17. Re1 b6 18. cxb6 axb6 19. Bxf6 Qxf6 20. f4 Rf5 21. Bxf5 Qxf5 22. Qb3 Qe4 23. Rab1 c5 24. bxc5 Bxc5 25. Kh1 Ra4 26. Qb5 Rxa2 27. Qf1 Bxe3 28. Rxb6 Ra8 29. Rb3 d4 30. Qb5 Qxf4 31. Rf1 Qd6 32. Qb7 Rf8 33. Rd1 Qf4 1-0

[Event "FRA-chT 0102 U18"]
[Site "France"]
[Date "2002.??.??"]
[Round "5.9"]
[White "Walter, Benjamin"]
[Black "Delivre, Raphael"]
[Result "0-1"]
[WhiteElo "1200"]
[BlackElo "1710"]
[PlyCount "74"]
[EventDate "2001.10.??"]
[EventType "team-tourn"]
[EventRounds "11"]
[EventCountry "FRA"]
[SourceTitle "EXT 2003"]
[Source "ChessBase"]
[SourceDate "2002.11.25"]
[SourceVersion "1"]
[SourceVersionDate "2002.11.25"]
[SourceQuality "1"]
[WhiteTeam "Mulhouse"]
[BlackTeam "Paris NAO"]
[WhiteTeamCountry "FRA"]
[BlackTeamCountry "FRA"]

1. e4 c5 2. d3 Nc6 3. f4 g6 4. Nf3 Bg7 5. g3 e6 6. Bg2 Nge7 7. 0-0 0-0 8. c3 d5 9. e5 d4 10. Nbd2 dxc3 11. bxc3 Qxd3 12. c4 Nf5 13. Nb3 Qxd1 14. Rxd1 b6 15. Ng5 Bb7 16. Rd7 Rab8 17. Rxb7 Rxb7 18. Bxc6 Rbb8 19. Be4 Rbd8 20. Bxf5 exf5 21. Rb1 h6 22. e6 hxg5 23. e7 Rd1+ 24. Kg2 Re8 25. fxg5 Rxe7 26. Bb2 Rxb1 27. Bxg7 Kxg7 28. Kf3 Rxb3+ 29. axb3 Re1 30. Kf2 Rb1 31. Ke2 Rxb3 32. Kd2 Rb2+ 33. Kc3 Rxh2 34. Kd3 a5 35. Kc3 Rh3 36. Kb3 Rxg3+ 37. Ka4 f4 0-1